La iglesia y el hombre de hoy /
محفوظ في:
| المؤلف الرئيسي: | |
|---|---|
| مؤلفون آخرون: | |
| التنسيق: | كتاب |
| اللغة: | الإسبانية |
| منشور في: |
Madrid, España :
Guadarrama,
1963, c1963
|
| سلاسل: | (Cristianismo y Hombre Actual ;
41) (Los Libros del Monograma) |
| الموضوعات: | |
| الوسوم: |
لا توجد وسوم, كن أول من يضع وسما على هذه التسجيلة!
|
MARC
| LEADER | 00000nam^a2200000^a^4500 | ||
|---|---|---|---|
| 001 | 000182848 | ||
| 005 | 20250521000000.0 | ||
| 009 | 20260310102020.883 | ||
| 037 | |a Acervo ITESO - Biblioteca | ||
| 041 | |a ESP | ||
| 082 | |a 230. |b CRI V. 41 | ||
| 100 | |a Bogler, Theodor |e (ed.) | ||
| 245 | 1 | 3 | |a La iglesia y el hombre de hoy / |c Ed. de T. Bogler ; tr. por M. Herranz Marco. |
| 264 | 4 | |a Madrid, España : |b Guadarrama, |c 1963, c1963 | |
| 300 | |a 218 p. | ||
| 336 | |a texto |b txt |2 rdacontenido | ||
| 337 | |a sin mediación |b n |2 rdamedio | ||
| 338 | |a volumen |b nc |2 rdasoporte | ||
| 440 | 1 | |a (Cristianismo y Hombre Actual ; |v 41) | |
| 440 | 4 | |a (Los Libros del Monograma) | |
| 500 | |a Traducción de: Die Kirche und der heutige Mensch | ||
| 649 | |a XX | ||
| 650 | |a Eucaristía | ||
| 650 | |a Ecumenismo | ||
| 650 | |a Iglesia y Problemas Sociales | ||
| 650 | |a Iglesia Católica - |x Historia - |y Siglo XX - |x Tema Principal | ||
| 650 | |a Teología | ||
| 650 | |a Religión | ||
| 650 | |a Arte y Religión | ||
| 700 | |a Herranz Marco, Mariano |e (traducción) | ||
| 910 | |a Fondo General | ||
| 920 | |a Impresos - Libros | ||
| 930 | |a Colección General | ||
| 905 | |a 101 | ||
| 901 | |a 0500122799 |b IT1 |c ACC |u 20250521 | ||
| 902 | |a https://opac.biblio.iteso.mx/vufind/Record/000182848 | ||